Indagaciones acerca de la dominación de España en Malta de 1285 a 1530 (Record no. 156462)

MARC details
000 -LEADER
campo de control de longitud fija 00734nam a22001695i 4500
001 - NÚMERO DE CONTROL
campo de control 156462
003 - IDENTIFICADOR DE NÚMERO DE CONTROL
campo de control ES-MaACL
005 - FECHA Y HORA DE LA ÚLTIMA TRANSACCIÓN
campo de control 20250930063134.0
008 - DATOS DE LONGITUD FIJA--INFORMACIÓN GENERAL
campo de control de longitud fija 940301s1863 sp |||| | spa d
040 ## - FUENTE DE CATALOGACIÓN
Centro catalogador/agencia de origen AS
Lengua de catalogación spa
100 1# - ENTRADA PRINCIPAL--NOMBRE DE PERSONA
Nombre de persona Jove y Hevia, Plácido de,
Títulos y otros términos asociados al nombre Vizconde de Campo Grande
9 (RLIN) 67050
245 10 - MENCIÓN DEL TÍTULO
Título Indagaciones acerca de la dominación de España en Malta de 1285 a 1530
Resto del título : con inserción de documentos auténticos y en su mayor parte inéditos /
Mención de responsabilidad, etc. por Plácido de Jove y Hevia.
260 ## - PUBLICACIÓN, DISTRIBUCIÓN, ETC.
Lugar de publicación, distribución, etc. Madrid :
Nombre del editor, distribuidor, etc. [s.n.],
Fecha de publicación, distribución, etc. 1863 (
Fabricante Imprenta de El Clamor Público, a cargo de D.D. Navarro)
300 ## - DESCRIPCIÓN FÍSICA
Extensión 62 p. ;
Dimensiones 19 cm.
852 ## - LOCALIZACIÓN
Ubicación ES-MaACL
Número de control de estantería T-210-F-13
Nota libre -- Enc. hol.
-- -- Enc. en un vol. facticio
Holdings
Estatus retirado Estado de pérdida Estado de daño No para préstamo Colección Biblioteca de origen Biblioteca actual Ubicación en estantería Fecha de adquisición Total de préstamos Signatura topográfica completa Código de barras Visto por última vez Precio de reemplazo Tipo de ítem Koha
        Colección de folletos Biblioteca del Ateneo de Madrid Biblioteca del Ateneo de Madrid Depósito folletos 17/01/2008   T-210-F-13 1163693 23/02/2023 23/02/2023 Folleto